Lửa thiêng Thơ
vv
Đã lưu trong:
| Tác giả chính: | |
|---|---|
| Định dạng: | Sách |
| Năm xuất bản: |
H.
Hội nhà văn
1995
|
| Chủ đề: | |
| Tags: |
Thêm thẻ
Không có thẻ, Hãy là người đầu tiên gắn thẻ bản ghi này!
|
| LEADER | 01937nam a2200289 4500 | ||
|---|---|---|---|
| 082 | |a 895.922132 |b H523C | ||
| 100 | |a Huy Cận | ||
| 245 | |a Lửa thiêng |c Huy Cận |b Thơ | ||
| 260 | |a H. |b Hội nhà văn |c 1995 | ||
| 300 | |a 92tr. |c 19cm | ||
| 500 | |a Đầu trang tên sách ghi:Thơ mới ( 1932-1945) tác gia và tác phẩm. | ||
| 520 | |a vv | ||
| 653 | |a Văn học hiện đại | ||
| 653 | |a Thế kỷ 20 | ||
| 653 | |a Việt Nam | ||
| 653 | |a Thơ | ||
| 942 | |2 ddc |c STK0 | ||
| 999 | |c 4214 |d 4214 | ||
| 952 | |0 0 |1 0 |2 ddc |4 0 |6 895_922132000000000_H523C |7 0 |8 800 |9 42557 |a qbu |b qbu |c D5 |d 2014-12-19 |g 12000 |o 895.922132 H523C |p 3850.C1 |r 0000-00-00 |w 2014-12-19 |y STK0 | ||
| 952 | |0 0 |1 0 |2 ddc |4 0 |6 895_922132000000000_H523C |7 0 |8 800 |9 42558 |a qbu |b qbu |c D5 |d 2014-12-19 |g 12000 |o 895.922132 H523C |p 3850.C2 |r 0000-00-00 |w 2014-12-19 |y STK0 | ||
| 952 | |0 0 |1 0 |2 ddc |4 0 |6 895_922132000000000_H523C |7 0 |8 800 |9 42559 |a qbu |b qbu |c D5 |d 2014-12-19 |g 12000 |o 895.922132 H523C |p 3850.C3 |r 0000-00-00 |w 2014-12-19 |y STK0 | ||
| 952 | |0 0 |1 0 |2 ddc |4 0 |6 895_922132000000000_H523C |7 0 |8 800 |9 42560 |a qbu |b qbu |c D5 |d 2014-12-19 |g 12000 |o 895.922132 H523C |p 3850.C4 |r 0000-00-00 |w 2014-12-19 |y STK0 | ||
| 952 | |0 0 |1 0 |2 ddc |4 0 |6 895_922132000000000_H523C |7 0 |8 800 |9 42561 |a qbu |b qbu |c D5 |d 2014-12-19 |g 12000 |o 895.922132 H523C |p 3850.C5 |r 0000-00-00 |w 2014-12-19 |y STK0 | ||
| 952 | |0 0 |1 0 |2 ddc |4 0 |6 895_922132000000000_H523C |7 0 |8 800 |9 42562 |a qbu |b qbu |c D5 |d 2014-12-19 |g 12000 |o 895.922132 H523C |p 3850.C6 |r 0000-00-00 |w 2014-12-19 |y STK0 | ||
| 952 | |0 0 |1 0 |2 ddc |4 0 |6 895_922132000000000_H523C |7 0 |8 800 |9 42563 |a qbu |b qbu |c D5 |d 2014-12-19 |g 12000 |o 895.922132 H523C |p 3850.C7 |r 0000-00-00 |w 2014-12-19 |y STK0 | ||
| 952 | |0 0 |1 0 |2 ddc |4 0 |6 895_922132000000000_H523C |7 0 |8 800 |9 42564 |a qbu |b qbu |c D5 |d 2014-12-19 |g 12000 |o 895.922132 H523C |p 3850.C8 |r 0000-00-00 |w 2014-12-19 |y STK0 | ||
| 952 | |0 0 |1 0 |2 ddc |4 0 |6 895_922132000000000_H523C |7 0 |8 800 |9 42565 |a qbu |b qbu |c D5 |d 2014-12-19 |g 12000 |o 895.922132 H523C |p 3850.C9 |r 0000-00-00 |w 2014-12-19 |y STK0 | ||